000 00286nam a22001337a 4500
008 170630b xxu||||| |||| 00| 0 eng d
020 _a0156932504
041 _aeng
080 _a82
100 _a22
101 _aGJL
245 _aTHE USES OF LITERATURE
_cCREAGH,P
942 _2udc
_cBK
999 _c19755
_d19755